SELF TREATMENT THROUGH ACCUPRESSURE: (Record no. 181498)

MARC details
000 -LEADER
fixed length control field 00627nam a22001937a 4500
005 - DATE AND TIME OF LATEST TRANSACTION
control field 20220113141356.0
010 ## - LCCN (DPL NO)
LC control number ENG-129935
020 ## - INTERNATIONAL STANDARD BOOK NUMBER
International Standard Book Number 978-81-217-0204-1
Terms of availability 500.00
035 ## - SYSTEM CONTROL NUMBER
System control number EN-113467
037 ## - SOURCE OF ACQUISITION
Source of stock number/acquisition DBAD/PUB
082 ## - DEWEY DECIMAL CLASSIFICATION NUMBER
Classification number 615.8222
100 ## - MAIN ENTRY--PERSONAL NAME
Personal name SHARMA, S.K.
245 ## - TITLE STATEMENT
Title SELF TREATMENT THROUGH ACCUPRESSURE:
Statement of responsibility, etc S.K. SHARMA
260 ## - PUBLICATION, DISTRIBUTION, ETC. (IMPRINT)
Name of publisher, distributor, etc BHARATIYA VIDYA PRAKASHAN
Place of publication, distribution, etc IndIa
Date of publication, distribution, etc 2018
270 ## - ADDRESS
City VARANASI
Postal code 221005
Address II Floor, Dharamsangh Bhawan, Durgakund Road,
Electronic mail address bvpbooks@gmail.com
Telephone number 0542-2310500
300 ## - PHYSICAL DESCRIPTION
Extent ix;257
Dimensions 22cm(hbk)
500 ## - GENERAL NOTE
General note includes Bibliography
942 ## - ADDED ENTRY ELEMENTS (KOHA)
Source of classification or shelving scheme Dewey Decimal Classification
Item type English Books
Classification part 615.8222
Call number suffix SHA
Holdings
Withdrawn status Lost status Not for loan Collection code Home library Current library Date acquired Source of acquisition Cost, normal purchase price Full call number Barcode Copy number Cost, replacement price Koha item type
      Non-fiction Mobile Library Mobile Library 16/09/2021 DBAD\PUB 500.00 615.8222 SHA EN-113467 1 500.00 English Books

© Delhi Public Library
Hit Counter
free hit counter